|
|
|
|
| LEADER |
00000nas a2200000 a 4500 |
| 001 |
ssj0000399360 |
| 003 |
WaSeSS |
| 005 |
20200512172242.0 |
| 006 |
m d |
| 007 |
cr n |
| 008 |
070228c20019999sp ar ss 0 0spa c |
| 010 |
|
|
|a 2010269048
|
| 022 |
|
|
|a 1988-2920
|l 1578-4576
|y 1578-4576
|
| 035 |
|
|
|a (WaSeSS)ssj0000399360
|
| 040 |
|
|
|a OCLCS
|b eng
|c OCLCS
|d OCLCS
|d OCLCQ
|d CUS
|d UTV
|d SELUL
|d OCLCQ
|d OCLCF
|d OCLCO
|d OCLCQ
|d CUS
|d VT2
|d WaSeSS
|
| 042 |
|
|
|a pcc
|
| 050 |
|
4 |
|a JA26
|b .F67
|
| 222 |
|
0 |
|a Foro interno
|b (Internet)
|
| 245 |
0 |
0 |
|a Foro interno
|h [electronic resource] :
|b anuario de teoría política.
|
| 260 |
|
|
|a Madrid :
|b Universidad Complutense de Madrid
|
| 310 |
|
|
|a Annual
|
| 362 |
1 |
|
|a Print began with no. 1 (Diciembre 2001).
|
| 506 |
|
|
|a License restrictions may limit access.
|
| 538 |
|
|
|a Mode of access: World Wide Web.
|
| 550 |
|
|
|a <No. 2>- issued by: Departmento de Ciencia Política y de la Administración II, Faculdad de Ciencias Políticas y Sociología, Universidad Complutense de Madrid.
|
| 588 |
|
|
|a Description based on print version record.
|
| 588 |
|
|
|a Latest issue consulted: Vol. 10 (2010).
|
| 650 |
|
0 |
|a Political science
|v Periodicals.
|
| 650 |
|
7 |
|a Political science.
|2 fast
|0 (OCoLC)fst01069781
|
| 655 |
|
0 |
|a Electronic journals.
|
| 710 |
2 |
|
|a Universidad Complutense de Madrid.
|b Facultad de Ciencias Políticas y Sociología.
|
| 776 |
0 |
8 |
|i Print version:
|t Foro interno
|x 1578-4576
|w (OCoLC)53921027
|
| 856 |
4 |
0 |
|z Full text available from PRISMA Database with HAPI Index: 01/01/2005 to 01/31/2016
|u https://search.proquest.com/publication/85352
|